MARC

LEADER 00000nam0a2200000 4500
001 125407
005 20231101215929.0
010 |a 0750309806 
035 |a (RuTPU)RU\TPU\book\135706 
090 |a 125407 
100 |a 20071115d2004 k y0engy50 ba 
101 0 |a eng 
102 |a GB 
105 |a a z 001zy 
200 1 |a Basic Ideas and Concepts in Nuclear Physics. An Introductory Approach   |f K. Heyde 
205 |a Third Edition 
210 |a Bristol  |c Institute of Physics Publishing  |d 2004 
215 |a 638 p.  |c ил. 
225 1 |a Series in Fundamental and Applied Nuclear Physics 
320 |a References: p. 611-628. 
320 |a Index: p. 629-638. 
606 1 |a Ядерная, атомная, молекулярная физика  |2 stltpush  |3 (RuTPU)RU\TPU\subj\68877  |9 83976 
610 1 |a физика 
610 1 |a ядерная физика 
610 1 |a атомная физика 
610 1 |a исследование 
610 1 |a английский язык 
675 |a 539.14  |v 3 
700 1 |a Heyde  |b K. 
801 1 |a RU  |b 63413507  |c 20071115  |g PSBO 
801 2 |a RU  |b 63413507  |c 20150305  |g PSBO 
942 |c BK